000 00900 a2200229 4500
005 20080820101740.0
008 080820t xxu||||| |||| 00| 0 eng d
010 _aENG-84773
020 _a817524402X
_c90.00
035 _aEN-68306
037 _bD.B.Act / Pub
040 _adpl
_bEnglish
082 _a796.355
245 _aHockey
_cedited and compiled by Narendra Kumar
_bskills and techniques
260 _aNew Delhi
_bKhel Sahitya Kendra
_c2006
270 _a7/26, Ansari Road, Darya Ganj,
_bNew Delhi
_cDelhi
_e110002
_k55190343, 42564726
_l42564726
_mkhelsahitya1@rediffmail.com
300 _a63 p.
_c21 cm (Hb)
650 _aHockey
700 _aNarendra Kumar
942 _adpl
_cEN
_k796.355 / HOC
_2ddc
_h796.355
_mHOC
999 _c346
_d346